| 000 | 00445nam a2200121Ia 4500 | ||
|---|---|---|---|
| 008 | 171212s9999 xx 000 0 und d | ||
| 020 | _a9781921536304 | ||
| 245 |
_ceditor Hart, Paul `t;Uhr, John _aPublic Leadership _bPerspectives and practices |
||
| 260 |
_bANU E Press _c2008 |
||
| 650 | _aLeadership; Political leadership; Civic leaders; Community leadership | ||
| 650 | _aPolitical Science | ||
| 856 | _uwww.jstor.org/stable/10.2307/j.ctt24h3bh | ||
| 999 |
_c351278 _d351278 |
||